Prehistoric England / (Record no. 3984)
[ view plain ]
| 000 -LEADER | |
|---|---|
| fixed length control field | 00776nam a22002892a 4500 |
| 001 - CONTROL NUMBER | |
| JCCL Control Number | 3984 |
| 003 - CONTROL NUMBER IDENTIFIER | |
| JCCL marc code | BD-JhCC |
| 005 - DATE AND TIME OF LATEST TRANSACTION | |
| control field | 20171129130357.0 |
| 008 - FIXED-LENGTH DATA ELEMENTS--GENERAL INFORMATION | |
| fixed length control field | 500101s1962 enkab 000 0 eng d |
| 035 ## - SYSTEM CONTROL NUMBER | |
| system control number | (BD-JhCC)3984 |
| 040 ## - CATALOGING SOURCE | |
| Original cataloging agency | CLA |
| Transcribing agency | CLA |
| Modifying agency | EQO |
| -- | BD-JhCC |
| 041 ## - LANGUAGE CODE | |
| Language code of Book | eng |
| 082 ## - DEWEY DECIMAL CLASSIFICATION NUMBER | |
| Classification number | 936.2 |
| Author mark and Year | CLA 1962 |
| 090 ## - LOCALLY ASSIGNED LC-TYPE CALL NUMBER (OCLC); LOCAL CALL NUMBER (OCLC) | |
| Classification number (OCLC) (R) ; Classification number, CALL (RLIN) (NR) | DA90 |
| Local cutter number (OCLC) ; Book number/undivided call number, CALL (RLIN) | .C53 1962 |
| 100 1# - MAIN ENTRY--PERSONAL NAME | |
| Personal name | Clark, Grahame |
| Dates associated with a name | 1907-1995 |
| 245 10 - TITLE STATEMENT | |
| Title | Prehistoric England / |
| Statement of responsibility, etc | Grahame Clark |
| 260 ## - PUBLICATION, DISTRIBUTION, ETC. (IMPRINT) | |
| Place of publication, distribution, etc | London : |
| Name of publisher, distributor, etc | Batsford, |
| Date of publication, distribution, etc | [c1962]. |
| 300 ## - PHYSICAL DESCRIPTION | |
| Pagination | 5, 120 p. |
| Other physical details | illus., map. |
| Dimensions | 18 cm |
| 490 1# - SERIES STATEMENT | |
| Series statement | Batsford paperback |
| 500 ## - GENERAL NOTE | |
| General note | "First paperback ed." |
| 650 ## - SUBJECT ADDED ENTRY--TOPICAL TERM | |
| Topical term or geographic name as entry element | England, Prehistoric |
| 651 #0 - SUBJECT ADDED ENTRY--GEOGRAPHIC NAME | |
| Geographic name | England |
| General subdivision | Antiquities |
| 651 #0 - SUBJECT ADDED ENTRY--GEOGRAPHIC NAME | |
| Geographic name | Wales |
| General subdivision | Antiquities |
| 830 #0 - SERIES ADDED ENTRY--UNIFORM TITLE | |
| Uniform title | Batsford paperback |
| 942 ## - ADDED ENTRY ELEMENTS (KOHA) | |
| Source of classification or shelving scheme | Dewey Decimal Classification |
| Koha item type | Books |
| Source of classification or shelving scheme | Damaged status | Not for loan | Home library | Current library | Shelving location | Date of accession | Source of acquisition | Total Checkouts | Full call number | Barcode | Date last seen | Copy number | Koha item type |
|---|---|---|---|---|---|---|---|---|---|---|---|---|---|
| Dewey Decimal Classification | JCC Rouf Library | JCC Rouf Library | General Stacks | 11/20/2017 | The Asia Foundation | 936.2 CLA 1962 | 5813 | 11/20/2017 | C- 1 | Books |